Neighbours and the law (Record no. 110132)
[ view plain ]
| 000 -LEADER | |
|---|---|
| fixed length control field | 01113cam a22002895a 4500 |
| 001 - CONTROL NUMBER | |
| control field | L148613 |
| 008 - FIXED-LENGTH DATA ELEMENTS--GENERAL INFORMATION | |
| fixed length control field | 091013s2009 xxk f 000 0 eng d |
| 020 ## - INTERNATIONAL STANDARD BOOK NUMBER | |
| International Standard Book Number | 9781847037237 |
| 035 ## - SYSTEM CONTROL NUMBER | |
| System control number | (Sirsi) u148613 |
| 041 0# - LANGUAGE CODE | |
| Language code of text/sound track or separate title | eng |
| 050 04 - LIBRARY OF CONGRESS CALL NUMBER | |
| Classification number | 346.41036 $2 18 |
| 100 1# - MAIN ENTRY--PERSONAL NAME | |
| Personal name | Pugh-Smith, John |
| 245 00 - TITLE STATEMENT | |
| Title | Neighbours and the law |
| 250 ## - EDITION STATEMENT | |
| Edition statement | 5th ed. |
| 260 ## - PUBLICATION, DISTRIBUTION, ETC. | |
| Place of publication, distribution, etc. | London |
| Name of publisher, distributor, etc. | Thomson Reuters (Legal) Limited |
| Date of publication, distribution, etc. | 2009 |
| 300 ## - PHYSICAL DESCRIPTION | |
| Extent | civ, 503p. |
| Dimensions | 24cm. |
| 350 ## - PRICE (NR) (BK AM CF MU VM SE) [OBSOLETE] | |
| Price | 125 |
| 520 ## - SUMMARY, ETC. | |
| Summary, etc. | This standard work draws together all the information specific to the body of law affecting relations between neighbours. Explains the possible causes of action and remedies available to parties involved in a dispute. This has been fully updated to take account of the Housing Act 2004, the Planning Act 2008 and all relevant new case law. The law is stated as at 1 June 2009. |
| 520 ## - SUMMARY, ETC. | |
| Summary, etc. | Supersedes 4th edition (ISBN 0421926902). |
| 521 ## - TARGET AUDIENCE NOTE | |
| Target audience note | Advanced |
| 651 #4 - SUBJECT ADDED ENTRY--GEOGRAPHIC NAME | |
| Geographic name | England and Wales |
| Chronological subdivision | 1543- |
| 690 ## - LOCAL SUBJECT ADDED ENTRY--TOPICAL TERM (OCLC, RLIN) | |
| Topical term or geographic name as entry element | Boundary disputes |
| 9 (RLIN) | 6221 |
| 700 1# - ADDED ENTRY--PERSONAL NAME | |
| Personal name | Sinclair, Graham |
| 700 1# - ADDED ENTRY--PERSONAL NAME | |
| Personal name | Upton, William |
| 942 ## - ADDED ENTRY ELEMENTS (KOHA) | |
| Suppress in OPAC | 0 |
| Withdrawn status | Lost status | Source of classification or shelving scheme | Damaged status | Not for loan | Home library | Current library | Shelving location | Date acquired | Cost, normal purchase price | Total Checkouts | Full call number | Barcode | Date last seen | Copy number | Cost, replacement price | Price effective from | Koha item type |
|---|---|---|---|---|---|---|---|---|---|---|---|---|---|---|---|---|---|
| Dewey Decimal Classification | London | London | Books | 11/01/2010 | 106.25 | 346.41036 PUG | 30076571 | 06/08/2019 | 1 | 106.25 | 06/08/2019 | Book |